Mito, cine, literatura : laberinto y caos en "El tercer hombre /
Guardado en:
| Autor principal: | |
|---|---|
| Formato: | Electrónico eBook |
| Lenguaje: | español |
| Publicado: |
Sevilla :
Ediciones Alfar,
2006.
|
| Colección: | Alfar/universidad ;
145. |
| Materias: | |
| Acceso en línea: | Digitalia Hispánica |
| Etiquetas: |
Agregar Etiqueta
Sin Etiquetas, Sea el primero en etiquetar este registro!
|
MARC
| LEADER | 00000nam a2200000Ii 4500 | ||
|---|---|---|---|
| 001 | DIGALF0015 | ||
| 003 | NyNyDIG | ||
| 006 | m o d | ||
| 007 | cr ||||||||||| | ||
| 008 | 122001s2006 sp ob 000 0 spa d | ||
| 020 | |z 8478982477 | ||
| 020 | |z 9788478982479 | ||
| 035 | |a (OCoLC)875214525 | ||
| 040 | |a DGITA |b eng |e pn |c DGITA | ||
| 050 | 1 | 4 | |a PR6013.R44 eBook |
| 100 | 1 | |a Martínez, María Ángeles, |d 1978- | |
| 245 | 1 | 0 | |a Mito, cine, literatura : |b laberinto y caos en "El tercer hombre / |c María Ángeles Martínez. |
| 264 | 1 | |a Sevilla : |b Ediciones Alfar, |c 2006. | |
| 300 | |a 1 online resource (208 pages) | ||
| 336 | |a text |b txt |2 rdacontent | ||
| 337 | |a computer |b c |2 rdamedia | ||
| 338 | |a online resource |b cr |2 rdacarrier | ||
| 490 | 1 | |a Colección Alfar universidad ; |v 145 | |
| 504 | |a Includes bibliographical references (p. [175]-184). | ||
| 600 | 1 | 0 | |a Greene, Graham, |d 1904-1991 |t Third man |x Film and video adaptations. |
| 630 | 0 | 0 | |a Third man (Motion picture) |
| 655 | 0 | |a Electronic books. | |
| 791 | 2 | |a Digitalia (Firm), |e distributor. | |
| 830 | 0 | |a Alfar/universidad ; |v 145. | |
| 793 | 0 | |g Digitalia eBook Collection: |a Ediciones Alfar. | |
| 856 | 4 | 0 | |3 Digitalia Hispánica |u https://digitalia.unach.elogim.com/a/6150/ |
| 910 | |a Premium Collection: 2007-2012 | ||